000 00428nam a2200169 a 4500
001 0000-8549
003 ELIB.Books
008 110520 1978
035 _a(ELIB.Books)0000-8694
082 _a231.72
_bKra
100 _aKraybill, Donald B.
245 _aThe Upside-Down Kingdom
260 _bScottdale, Herald Press
_c1978
650 _aKingdom of God
942 _2ddc
_cBK
998 _cbat
_e2011-05-20
999 _c8549
_d8549